Gerencia de proyectos: cómo lograr la ventaja competitiva (Registro nro. 9228)

Detalles MARC
000 -Cabecera
Campo de control de longitud fija 01103ntm a22003977a 4500
005 - Fecha y hora de la última transacción
Campo de control 20250620143610.0
008 - Elementos de longitud fija--Información general
Campo de control de longitud fija 170405b2015 xxu||||| |||| 00| 0 spa d
020 ## - International Standard Book Number
Número Internacional Estándar del Libro (ISBN) 9789586992978
041 ## - Idioma
Código de idioma Español
082 ## - Clasificación Decimal Dewey
Número de clasificación 658.404 P659g3
100 ## - Entrada principal--Autor personal
Nombre personal Pinto, Jeffrey
9 (RLIN) 41951
245 ## - Título propiamente dicho
Título Gerencia de proyectos: cómo lograr la ventaja competitiva
250 ## - Edición
Mención de edición 3 edición
260 ## - Pie de imprenta
Lugar de publicación, distribución, etc. Colombia
260 ## - Pie de imprenta
Nombre del editor, distribuidor, etc. Pearson
260 ## - Pie de imprenta
Fecha de publicación, distribución, etc. 2015
300 ## - Descripción física
Extensión 538 páginas
490 ## - Serie
Título de la Serie Dirección y Administración de Empresas
650 ## - Materia general
Temática (materia general) GERENCIA DE PROYECTOS
650 ## - Materia general
Temática (materia general) PROYECTOS
650 ## - Materia general
Temática (materia general) CARACTERISTICAS GENERALES DEL PROYECTO
650 ## - Materia general
Temática (materia general) CONTEXTO ORGANIZACIONAL
650 ## - Materia general
Temática (materia general) ESTRUCTURA ORGANIZACIONAL
650 ## - Materia general
Temática (materia general) SELECCIÓN DE PROYECTOS
650 ## - Materia general
Temática (materia general) MODELOS FINANCIEROS
650 ## - Materia general
Temática (materia general) PORTAFOLIO DE PROYECTOS
650 ## - Materia general
Temática (materia general) LIDERAZGO
650 ## - Materia general
Temática (materia general) ALCANCE
650 ## - Materia general
Temática (materia general) CIERRE
650 ## - Materia general
Temática (materia general) EQUIPOS DE PROYECTOS
650 ## - Materia general
Temática (materia general) GERENCIA DE RIESGOS
650 ## - Materia general
Temática (materia general) ESTIMACIÓN DE COSTOS
650 ## - Materia general
Temática (materia general) PRESUPUESTOS
650 ## - Materia general
Temática (materia general) GERENCIA DE RECURSOS
942 ## - Punto de acceso adicional KOHA
Tipo de ítem KOHA Libro
Fuente del sistema de clasificación o colocación Dewey Decimal Classification
Existencias
Signatura completa Código de barras Programa Académico Tipo de ítem
658.404 P659g3 22088 Dirección y Administración de Empresas Libro